000 00884nam a22002651i 4500
003 OSt
005 20210106143950.0
008 190410s2016 enka|||j b||| 001|0|eng d
020 _a9781474713184
_cRM 69.60
_qhardback
040 _aPPAK
_beng
_cPPAK
_erda
082 0 4 _223
_a363.728
090 _a363.728
_bSHO
_dK
100 1 _aShores, Erika L.,
_eauthor.
_d1976-
245 1 0 _aHOW RUBBISH GETS FROM BINS TO LANDFILLS /
_cby Erika L. Shores.
264 1 _aOxford :
_bRaintree,
_c[2016]
300 _a24 pages :
_bcolour photographs,
_c24 x 29 cm.
336 _2rdacontent
_atext
337 _2rdamedia
_aunmediated
338 _2rdacarrier
_avolume
490 0 _aHere to there.
500 _a"Book Band Level: Orange"--Back cover.
504 _aIncludes bibliographical references and index.
650 0 _aRefuse and refuse disposal
_vJuvenile literature.
942 _2ddc
_cB
999 _c172054
_d172054